| 000 | 00661nam a2200193 i 4500 | ||
|---|---|---|---|
| 001 | 95744 | ||
| 003 | ES-MaACL | ||
| 005 | 20230906181750.0 | ||
| 007 | t| | ||
| 008 | 050603s1977 sp a |||| | spa d | ||
| 100 | 1 |
_aLluís y Navas, Jaime. _972976 |
|
| 245 | 1 | 4 |
_aLos fenómenos de alteración de la normalidad monetaria / _cJaime Lluís y Navas. |
| 260 |
_aMadrid : _bAsociación Numismática Española, _c1977. |
||
| 300 |
_a8 h. : _bil. ; _c25 cm. |
||
| 500 | _aEs tirada a parte de: Gaceta numismática, n. 46, p. 49-64. | ||
| 650 | 4 |
_aMonedas- _xHistoria. _9154798 |
|
| 710 | 2 |
_aAsociación Numismática Española. _91770 |
|
| 852 |
_aES-MaACL _j2112-F-26 |
||
| 999 |
_c95744 _d95744 |
||